000
00214nam a22000857a 4500
008
170213b xxu||||| |||| 00| 0 eng d
100
_9
2871
_a
CBSE
245
_a
Accounting for Business-XI
260
_a
New Delhi
_b
CBSE
_c
2007
999
_c
6090
_d
6090